Online Catalogue and eLibrary

The smell of araliya (Record no. 3330)

MARC details
000 -LEADER
fixed length control field 00342nam a2200145Ia 4500
005 - DATE AND TIME OF LATEST TRANSACTION
control field 20241024060657.0
008 - FIXED-LENGTH DATA ELEMENTS--GENERAL INFORMATION
fixed length control field 240331s9999 xx 000 0 und d
082 ## - DDC Classification
Item Number - Author Mark WIJ
Class No. 821
100 ## - MAIN ENTRY--PERSONAL NAME
Personal name Wijeratne,K
245 #4 - TITLE STATEMENT
Title The smell of araliya
260 ## - PUBLICATION, DISTRIBUTION, ETC.
Place of publication, distribution, etc. Ampitiya
Name of publisher, distributor, etc. Samararatna printers
Date of publication, distribution, etc. 1983
300 ## - PHYSICAL DESCRIPTION
Extent (e.g. Volumes, Pages etc.) 44 p .,
650 ## - SUBJECT ADDED ENTRY--TOPICAL TERM
Topical term or geographic name entry element poems
942 ## - Koha item type (Biblio)
Koha item type Books in Stacks (Lending)
Holdings
Lost status Damaged status Collection code Home library Current library Shelving location Date acquired Full call number Accession Number Item type
    Lending WERC Library WERC Library Social Science Cupboard 03/31/2024 821 WIJ 246 Books in Stacks (Lending)

© WERC Library